| 000 | 00625nam a2200253Ia 4500 | ||
|---|---|---|---|
| 001 | 3872 | ||
| 005 | 20240113233658.0 | ||
| 007 | ta | ||
| 008 | 050604s1975 g b000 u hin u | ||
| 020 | _cHB | ||
| 040 | _aCotton College Assam | ||
| 041 | _ahin | ||
| 082 |
_a891.431 _bP 192 Sa |
||
| 100 | _aPande, Tara . | ||
| 245 | 0 |
_aSambodhini / _cTara Pande. _hTextual Documents |
|
| 250 | _a1st ed. / | ||
| 260 |
_aDelhi : _bMaulik Sahitya Prakashan , _c1975. |
||
| 300 |
_a67p. ; _c21cm. |
||
| 653 | _aHindi poetry | ||
| 653 | _aGen-Hindi | ||
| 942 |
_2ddc _cBK |
||
| 999 |
_c3860 _d3860 |
||